[Event "2015 Alberta Closed"]
[Site "Calgary"]
[Date "2015.04.05"]
[Round "5.3"]
[White "Ng, Gary"]
[Black "Yam, Alex"]
[Result "0-1"]
[WhiteElo "2320"]
[BlackElo "2367"]
[PlyCount "82"]
[EventDate "2015.04.03"]
[EventType "tourn"]
[EventRounds "5"]
[EventCountry "CAN"]

1. b4 e5 2. Bb2 Bxb4 3. Bxe5 Nf6 4. c4 O-O 5. Nf3 Re8 6. e3 Nc6 7. Bb2 d5 {
Both players follow an official main line of the Sokolsky opening.} 8. a3 Bf8 (
8... Ba5 {intending to delay d2-d4 is more popular.}) 9. cxd5 ({White can take
advantage of Black's last and play} 9. d4 $5 {immediately.}) 9... Nxd5 10. Be2
Na5 11. O-O c5 12. Ne5 {Too fancy.} ({White should just develop with} 12. Nc3)
12... Be6 ({Here} 12... Bf5 $5 {deserves attention not allowing White to
develop his queen's knight.}) 13. Nc3 f6 14. Nf3 Rb8 15. d4 a6 ({Black can
favorably unbalance the position with} 15... c4 {with the idea} 16. e4 $6 Nxc3
17. Bxc3 Nb3 18. Ra2 b5 {His queenside pawns are more dangerous than White's
center.}) 16. dxc5 $1 {denying Black the idea of c5-c4} Bxc5 17. Nxd5 ({The
computer really likes White after} 17. Qc2 Nxc3 18. Bxc3) 17... Bxd5 {White's
position is still fine but the problem is that it's unclear what he should do.}
18. Nd4 b5 19. Bc3 Nc4 20. Bb4 Bb6 21. Bf3 $2 {Somewhat surprisingly, a
decisive mistake.} (21. Nf5 {maintains the balance as} a5 $2 {loses material to
} 22. Ne7+) 21... a5 22. Bc3 ({Relatively best is} 22. Nc6 Bxc6 23. Bxc6 axb4
24. Bxe8 Qxe8 {but White was obviously not so excited about this line.}) 22...
Nxe3 $1 23. fxe3 Rxe3 {Material losses are unavoidable.} 24. Kh1 ({The
trickiest line is} 24. Bxa5 {but Black remains on top after} Bc4 $1 25. Bxb6
Qxb6 26. Qd2 Rd3) 24... Rxc3 25. Nxb5 Rc5 {The rest is a matter of technique.}
26. a4 Bc4 27. Qxd8+ Rxd8 28. Rfc1 Bb3 29. Rcb1 Bc2 30. Rc1 Bf5 31. h3 h6 32.
Kh2 Kh7 33. Kg3 Rd2 34. Rxc5 Bxc5 35. Rd1 Ra2 36. Rd5 Bf2+ 37. Kf4 Bc2 38. Nc3
g5+ 39. Kg4 Kg6 40. Bd1 Bxd1+ 41. Nxd1 Ra3 0-1

[Event "2015 Alberta Reserves"]
[Site "Calgary"]
[Date "2015.04.04"]
[Round "3.1"]
[White "Nguyen, Kim"]
[Black "Shi, Diwen"]
[Result "0-1"]
[WhiteElo "2231"]
[BlackElo "2201"]
[PlyCount "92"]
[EventDate "2015.04.04"]
[EventType "swiss"]
[EventRounds "5"]
[EventCountry "CAN"]

1. e4 c5 2. Nf3 d6 3. Bb5+ Bd7 4. Bxd7+ Qxd7 5. c4 Nc6 6. Nc3 g6 7. d4 cxd4 8.
Nxd4 Bg7 9. Nde2 Nf6 10. f3 O-O 11. O-O Rac8 12. Be3 Rfe8 13. Qd2 Qc7 14. b3 a6
15. Rab1 Qa5 16. a4 Red8 17. Rfd1 e6 18. Bg5 Rd7 19. Bh4 h6 {After a fairly
standard opening and early middlegame play the opponents reached a typical
position in the 3.Bb5+ Sicilian line.} 20. Qe3 Qc5 21. Qxc5 $2 {This capture
is hard to explaing as White loses all his structural advantage at once.} ({
Better is} 21. Bf2 {and White can pressure the d6-pawn for a long time.}) 21...
dxc5 22. Rxd7 Nxd7 23. Rd1 Nf8 {Perhaps, White was hoping to get control of
the d-file  but the problem is that his rook has no entry squares.} 24. Rd3 Nd4
25. Nc1 g5 26. Be1 Ng6 27. Kf1 $2 {White will lose at least a pawn after this.}
(27. N3e2 {covering the f4-square was essential.}) 27... Nf4 28. Rd1 $2 {Now
White loses even more material.} (28. Rd2 Nxb3 29. Nxb3 Bxc3 {is relatively
best but Black has excellent winning chances anyway.}) 28... Nc2 $1 {White can
resign here but keeps playing on.} 29. Rd2 Nxe1 30. Nd1 Nexg2 31. Rd7 b6 32.
Ne2 Nxe2 33. Kxe2 Nf4+ 34. Kd2 Bf6 35. Kc2 Ne2 36. Kd3 Nd4 37. Nf2 Nxf3 38. Ng4
Ne5+ 39. Nxe5 Bxe5 40. Rb7 Bc7 41. h3 a5 42. e5 Kf8 43. Ke4 Ke7 44. Kf3 Kd7 45.
Kg4 Rh8 46. Kh5 Kc8 0-1

[Event "2015 Lethbridge Open"]
[Site "Lethbridge"]
[Date "2015.04.11"]
[Round "1.2"]
[White "Nguyen, Kim"]
[Black "Davies, Jack"]
[Result "0-1"]
[WhiteElo "2222"]
[BlackElo "1692"]
[PlyCount "56"]
[EventDate "2015.04.11"]
[EventType "swiss"]
[EventRounds "5"]
[EventCountry "CAN"]

1. e4 c5 2. Nf3 d6 3. d4 cxd4 4. Nxd4 Nf6 5. Nc3 a6 6. h3 b5 7. Bd3 {A rare
move that scores poorly for White.} (7. g4 Bb7 8. Bg2 {is normal.} {White can
meet} b4 {with} 9. Nd5) 7... Bb7 8. Qe2 Nbd7 9. O-O $146 e6 10. f4 Qc7 {This
position looks like a Sicilian Kan with a rather useless h2-h3 included.} 11.
Nf3 {White intends to break in the center with e4-e5.} e5 {Typical but not
really necessary in this particular situation.} ({Instead, Black can play} 
11... b4 $5 12. Nd1 Be7 {not fearing} 13. e5 dxe5 14. fxe5 Nh5) 12. Nh4 b4 13.
Nd1 g6 14. c3 $6 {Too slow.} ({White should continue developing:} 14. fxe5 dxe5
15. Bg5 {etc.}) 14... Nc5 15. Bc2 Ncxe4 16. fxe5 dxe5 17. Ba4+ Bc6 18. Bg5 $2 {
White is trying to confuse his opponent but this move is just bad.} Nd7 $6 {
Black may have got confused.} ({Simpler is} 18... Bc5+ 19. Kh2 Bxa4 20. Bxf6
Nxf6 21. Rxf6 O-O {and White's position is in ruins.}) 19. Qc4 $2 ({Instead,
after} 19. Bxc6 Qxc6 20. Qf3 f5 21. Nf2 Bc5 22. cxb4 Bxf2+ 23. Rxf2 {the
position is not so clear.}) 19... Bc5+ $1 20. Be3 O-O ({Black has several good
continuations here including} 20... Nd6 21. Qb3 Bxa4 22. Qxa4 bxc3 23. bxc3 O-O
{with an excellent position.}) 21. Bxc5 Bxa4 22. Qxe4 Qxc5+ 23. Kh1 Bb5 24. Re1
bxc3 25. Nxc3 Bc6 26. Qg4 Qd4 27. Qg3 Rae8 28. Rf1 e4 {Black has played well
keeping an extra pawn and a firm grip on the position. Here Kim made a move
with a few seconds still left on his clock. Unfortunately, he pressed a wrong
clock in a hurry and didn't have enough time to correct his mistake. As the
time on his clock expired, Kim had to be forfeited. In any case, a great game
by Jack Davies and a fully deserved point.} 0-1

[Event "2015 Lethbridge Open"]
[Site "Lethbridge"]
[Date "2015.04.12"]
[Round "5.1"]
[White "Pechenkin, Vladimir"]
[Black "Tran-Ly, Tristan"]
[Result "1-0"]
[WhiteElo "2389"]
[BlackElo "2109"]
[PlyCount "59"]
[EventDate "2015.04.11"]
[EventType "swiss"]
[EventRounds "5"]
[EventCountry "CAN"]

1. c4 g6 2. Nc3 Bg7 3. g3 c5 4. Bg2 Nc6 5. Nf3 Nf6 6. d4 cxd4 7. Nxd4 O-O 8.
O-O Ng4 9. e3 d6 10. b3 ({Accepting the sacrifice} 10. Nxc6 bxc6 11. Bxc6 Rb8 {
is not good for White as I have already learned the hard way in a game against
the same opponent.}) 10... Nge5 11. h3 Nxd4 12. exd4 Nc6 13. Be3 e5 14. dxe5
dxe5 {In this line Black plays quite logically but spends a lot of time moving
his king's knight. As a result, White's lead in development becomes a
significant factor.} 15. Bc5 Re8 16. Nb5 ({Another promising direction is} 16.
Qxd8 Rxd8 17. Rad1 Bf5 18. Nb5 Bf8 19. Bxf8 Kxf8 20. Nd6 Bc2 21. Rd2 Rab8 22.
c5 Nd4 23. f4 {etc.}) 16... Bf8 17. Bxf8 Rxf8 18. Qxd8 Rxd8 19. Rad1 {White's
advantage in development becomes more and more important with every exchange.}
Nd4 (19... Rxd1 20. Rxd1 Kf8 {may be a better try.}) 20. f4 f6 {After this
White's advantage becomes decisive but it's hard to recommend an alternative.}
21. fxe5 fxe5 22. Nxd4 exd4 ({No better is} 22... Rxd4 23. Rxd4 exd4 24. Bd5+
Kg7 25. Rf7+ Kh6 26. Bxb7 {etc.}) 23. Bd5+ Kh8 24. g4 {The most accurate
continuation as the d4-pawn isn't going to run away.} a5 25. Rxd4 Ra6 26. Re4
Kg7 27. Rf7+ Kh6 28. Ree7 Kg5 29. Re5+ Kh6 30. g5+ 1-0

[Event "2015 Alberta Seniors"]
[Site "Edmonton"]
[Date "2015.04.26"]
[Round "5.1"]
[White "Seehagen, Terry"]
[Black "Purewal, Sardul"]
[Result "1/2-1/2"]
[WhiteElo "1726"]
[BlackElo "1964"]
[PlyCount "58"]
[EventDate "2015.04.25"]
[EventType "swiss"]
[EventRounds "5"]
[EventCountry "CAN"]

1. e4 d5 2. exd5 Qxd5 3. Nc3 Qd6 4. Nf3 Bg4 5. d4 c6 6. Bc4 e6 7. Be3 Nf6 8.
Qe2 Nbd7 9. h3 Bh5 10. O-O-O Be7 11. Kb1 O-O 12. g3 Qb4 13. Bd3 Nd5 14. Nxd5
cxd5 15. g4 Bg6 16. h4 Bxd3 17. Rxd3 Qd6 18. g5 Rfc8 {White's attack is going
to be faster:} 19. h5 f6 20. Rg1 Kh8 21. g6 $1 Rg8 (21... h6 {runs into} 22.
Bxh6 gxh6 23. g7+ Kh7 24. Rg6 {then the white queen will attack the h6-pawn
with a decisive penetration.}) 22. gxh7 Kxh7 23. Nh4 g5 24. hxg6+ Kg7 25. Bd2 {
Alas.} ({The computer finds the following beautiful checkmate:} 25. Bh6+ Kxh6
26. Nf5+ exf5 27. Qh5+ Kxh5 28. Rh3#) 25... Rh8 26. Rh3 f5 27. Bg5 Rae8 28. f4
Nf6 29. Rgh1 Ng4 {Unfortunately, Terry lost faith in his attack and agreed to
a draw.} 1/2-1/2

[Event "10th Edmonton International Qualifier"]
[Site "Edmonton"]
[Date "2015.05.03"]
[Round "5.1"]
[White "Gardner, Robert"]
[Black "Haynes, Nicolas"]
[Result "1-0"]
[WhiteElo "2239"]
[BlackElo "2277"]
[PlyCount "65"]
[EventDate "2015.05.02"]
[EventType "swiss"]
[EventRounds "5"]
[EventCountry "CAN"]

1. d4 Nf6 2. c4 d6 3. Nc3 e5 4. d5 Be7 5. e4 c6 6. Nge2 a6 7. f3 O-O 8. g4 {
Surprisingly, the opponents are already on an unchartered territory.} b5 9. Ng3
{White's opening strategy is clear: seize as much space as possible, then
catch up with development. Since the position is closed, such an approach
often works well.} Bb7 $6 10. Nf5 $1 bxc4 11. Bxc4 cxd5 12. Nxd5 Nxd5 13. Bxd5
Bxd5 14. Qxd5 Nd7 {White managed to maintain a firm grip on the position and
stands clearly better.} 15. Be3 {A slight inaccuracy. Castling kingside is
preferable.} Rb8 {Now White has to do something about the b2-pawn.} 16. O-O-O
$2 {This is overly optimistic.} ({White has a nice positional advantage and
there is no reason for him to invoke complications. Correct is} 16. b3 {
followed by kingside castling.}) 16... Bg5 $2 ({Black misses a golden
opportunity:} 16... Qc7+ 17. Kb1 Rxb2+ $1 18. Kxb2 Rb8+ 19. Qb3 {(the only
move)} Rxb3+ 20. axb3 Bf8 {The computer evaluates this position with
unbalanced material as equal.}) 17. Bxg5 {Rob doesn't give his opponent
another chance and smoothly cruises to victory.} Qxg5+ 18. Qd2 Qxd2+ 19. Rxd2
g6 20. Nxd6 Nc5 21. Rd5 Na4 22. b3 Nc3 23. Ra5 Nb5 24. Rxa6 Nd4 25. Rf1 Rfd8
26. Kb2 Rd7 27. Nc4 Rc7 28. Kc3 Nb5+ 29. Kd3 Rd8+ 30. Ke3 Nd4 31. Rf2 Nc6 32.
Rd2 Nd4 33. g5 1-0

[Event "2015 Red Deer Open"]
[Site "Red Deer"]
[Date "2015.05.17"]
[Round "4.1"]
[White "Nguyen, Kim"]
[Black "Miller, David"]
[Result "1/2-1/2"]
[WhiteElo "2210"]
[BlackElo "2216"]
[PlyCount "111"]
[EventDate "2015.05.17"]
[EventType "swiss"]
[EventRounds "5"]
[EventCountry "CAN"]

1. e4 c5 2. Nf3 d6 3. d4 cxd4 4. Nxd4 Nf6 5. f3 e5 6. Nb3 Be6 7. c4 Nbd7 8. Nc3
a6 9. Be3 Rc8 10. Nd5 Bxd5 11. cxd5 Nh5 12. g3 Be7 13. Qd2 h6 14. Bh3 Bg5 15.
O-O Bxe3+ 16. Qxe3 O-O 17. Rac1 Rb8 18. Rc3 b6 19. Bxd7 Qxd7 20. Rc6 Rfd8 21.
Rfc1 Nf6 22. R1c3 Qb7 23. Qc1 Ne8 24. f4 $6 exf4 $2 25. gxf4 $2 Qd7 26. Qd1
Rdc8 27. Nd4 Nf6 28. Qf3 $2 ({Black is on the ropes after} 28. Nf5 $1 {
threatening a fork on e7.} {The d6-pawn falls as} Rxc6 {doesn't help because of
} 29. dxc6 $1) 28... Re8 29. Re3 Rbc8 30. Qg2 $2 {Apparently, White is trying
to organize an attack against g7 but it doesn't work.} ({A move like} 30. h3 {
covering the g4-square is OK.}) 30... Nxd5 $1 31. Nf5 g6 32. Rxc8 Rxc8 33.
Nxh6+ Kg7 34. exd5 $1 ({Black has set a nice trap:} 34. Nf5+ $2 Qxf5 $1 35.
exf5 Rc1+ {with decisive material gains, e.g.,} 36. Re1 Rxe1+ 37. Kf2 Re2+ $1
38. Kxe2 Nxf4+ {etc.}) 34... Rc1+ 35. Kf2 Rc2+ 36. Re2 Rxe2+ 37. Kxe2 Qb5+ 38.
Ke1 $6 ({Correct is} 38. Ke3 Qc5+ 39. Kd3 {when Black is forced to take the
knight} Kxh6 {White will have to suffer in the endgame but his drawing chances
are quite high.}) 38... Qb4+ $1 39. Kd1 Qd4+ 40. Kc2 Kxh6 ({Black can improve
his position further by means of} 40... Qc4+ 41. Kd1 Qd3+ 42. Kc1 {and only
then} Kxh6) 41. Qf3 Qc5+ 42. Kd3 Qg1 43. Qe3 $2 {White gambles.} ({He was
obviously not excited about the normal} 43. f5 Qxh2 44. fxg6 Kxg6 {but the
pawn endgame is simply lost for him.}) 43... Qb1+ $2 {Black misses his chance.}
({After} 43... Qxe3+ 44. Kxe3 Kh5 45. Kf3 Kh4 46. f5 g5 $1 {White's days are
numbered. For example,} 47. f6 Kh5 48. Ke4 Kg6 {etc.}) 44. Kc3 Qxa2 {The
endgame is still tricky but after a few mutual inaccuracies White finds a
perpetual check.} 45. f5+ Kg7 46. Qd4+ f6 47. Qe4 Qa5+ 48. Kc2 Qc5+ 49. Kb3
gxf5 ({Here, for example, the computer indicates that Black is close to
winning after} 49... b5 $3 {creating mating threats.}) 50. Qxf5 Qb5+ 51. Ka3
Qc5+ 52. Ka2 a5 53. Qg4+ Kf7 54. Qd7+ Kg6 55. Qg4+ Kf7 56. Qd7+ 1/2-1/2

[Event "2015 Red Deer Open"]
[Site "Red Deer"]
[Date "2015.05.17"]
[Round "5.1"]
[White "Nguyen, Kim"]
[Black "Hughey, Micah"]
[Result "0-1"]
[WhiteElo "2210"]
[BlackElo "2167"]
[PlyCount "50"]
[EventDate "2015.05.17"]
[EventType "swiss"]
[EventRounds "5"]
[EventCountry "CAN"]

1. e4 e5 2. Nf3 Nc6 3. Bb5 Nf6 4. d3 Bc5 5. c3 d6 6. h3 O-O 7. O-O Re8 8. Ba4
Bd7 {Curiously, this position cannot be found in the database.} 9. Be3 {This
move doesn't look bad but White is going to regret it soon.} ({Normal is} 9.
Nbd2 {etc.}) 9... Bxe3 10. fxe3 d5 $1 {Black seizes the initiative.} 11. exd5
Nxd5 12. Qd2 e4 $1 13. c4 $2 {The decisive mistake already.} (13. dxe4 Nf6 $1 {
leads to an excellent position for Black but White is very much in the game.})
13... Nxe3 $1 14. Qxe3 exf3 15. Qf4 ({Certainly,} 15. Qxf3 Ne5 16. Qd1 Bxa4 17.
Qxa4 Qd4+ 18. Kh1 Nxd3 {is terrible for White but the game continuation is
hardly any better.}) 15... Ne5 16. Bc2 fxg2 17. Kxg2 Bc6+ 18. Kh2 {Black has
way too many winning moves here.} Qd6 19. Nc3 Nf3+ 20. Kg3 Qxf4+ 21. Kxf4 Nd4
22. Bd1 Re6 23. Bg4 f5 24. Bxf5 Rf8 25. Kg4 h5+ {White is going to lose a
piece so he resigned.} 0-1

[Event "10th Edmonton International"]
[Site "Edmonton"]
[Date "2015.06.26"]
[Round "6.5"]
[White "Hambleton, Aman"]
[Black "Haessel, Dale"]
[Result "0-1"]
[WhiteElo "2446"]
[BlackElo "2180"]
[PlyCount "160"]
[EventDate "2015.06.20"]
[EventType "tourn"]
[EventRounds "9"]
[EventCountry "CAN"]

1. c4 c5 2. Nc3 g6 3. g3 Bg7 4. Bg2 Nf6 5. e3 Nc6 6. Nge2 d6 7. O-O O-O 8. d4
cxd4 9. exd4 Bf5 10. h3 h5 11. Bg5 Qd7 12. Kh2 e5 13. d5 {White may be
satisfied with the outcome of the opening. His last move indicates a desire to
play a complex game.} (13. dxe5 $5 dxe5 14. Qxd7 Nxd7 15. Rad1 {with pressure
is a good alternative.}) 13... Na5 $6 {The knight is going to be out of play
for a long time.} (13... Nb4 {is preferable.}) 14. b3 a6 15. Na4 (15. f3 $5 {
intending to trap the bishop is an interesting alternative.}) 15... Qc7 16. Rc1
Bd7 17. Nec3 b6 18. Be3 Rfb8 19. f4 {Logical. The black rook has left the
f-file so White initiates play on the kingside.} exf4 20. Rxf4 Qd8 21. Nb2 b5
22. c5 $6 ({White has made good progress over the last few moves and} 22. cxb5
axb5 23. Nd3 {would maintain a nice advantage.}) 22... dxc5 23. Bxc5 Nb7 24. b4
{Now the position is unclear.} Bf5 25. d6 {White is ready to sacrifice an
exchange for the opponent's dark-squared bishop but Black refrains from taking
it for the time being.} Qd7 $6 ({The computer advocates a retrograde} 25... Ne8
{intending to eliminate the annoying d6-pawn even at a cost of an exchange.})
26. Qh1 $5 {Increasing the pressure along the long diagonal.} Bh6 {Black
finally decides to take the exchange but the timing isn't perfect.} ({The
computer suggests} 26... a5 {with the idea to get the a8-rook in play.} {
However, after} 27. Bc6 Qc8 28. Nxb5 Nxc5 29. Bxa8 Rxb5 30. Rxc5 Rxc5 31. bxc5
Qxc5 32. Qc6 {White forces favorable simplifications with good winning chances.
}) 27. Bc6 {Both players were already short of time at this point, which
explains mutual inaccuracies in this very complicated position.} (27. Nd3 $1 {
is surprisingly strong as after} Bxd3 $2 28. Rxf6 Bxc1 29. Qxc1 {the knight
will jump to d5 soon with a decisive attack.}) 27... Qc8 28. Rxf5 $2 (28. Nd3 {
is still good.} {After} Bxf4 29. Nxf4 {White has fantastic compensation for
the exchange.}) 28... gxf5 $2 {Black returns the favor.} ({Correct is} 28...
Qxf5 $1 {and White doesn't have time to take on b7.} {After} 29. Rf1 Qc2+ 30.
Qg2 Qxc3 31. Bxb7 Rxb7 32. Qxb7 Re8 {Black's counterplay is sufficient for
equality and maybe more.}) 29. Rf1 Nxc5 30. bxc5 Ra7 31. Nd3 Qe6 32. Qf3 {
White has an overwhelming position notwithstanding a small material deficit.
However, the time control is still far away.} Rc8 33. Nd5 $2 ({After} 33. Re1
$1 {Black wouldn't be able to last long. For example,} Qc4 34. Nd5 Nxd5 35.
Bxd5 Qc3 36. c6 {etc.}) 33... Ne4 $1 {A strong riposte changing the situation
on the board once again.} 34. Qxh5 {White bets everything on his attack but it
should be enough only for a draw.} ({Best is} 34. d7 Rxd7 35. Bxd7 Qxd7 36. Nb6
Qd8 37. Nxc8 Nd2 38. Qxf5 Nxf1+ 39. Qxf1 Qxc8 40. Qe2 {with some winning
chances in the endgame.}) 34... Rxc6 35. Rxf5 Bg7 36. N3f4 Qe8 37. Nb4 $2 ({A
logical conclusion at this point would be} 37. Qg4 Rxc5 38. Nh5 Rc2+ 39. Kg1
Rc1+ 40. Kh2 Rc2+ {with a draw by repetition.}) 37... Rc8 ({A few spectators
saw} 37... Nxg3 $1 38. Kxg3 Qe1+ 39. Kf3 Qxb4 {completely turning the tables.})
38. Nbd3 Qd7 $2 ({Missing another great chance} 38... Nxd6 $1 39. cxd6 Rc2+ 40.
Ng2 Rd7 {White's attack is over and Black's material advantage will soon tell.}
) 39. Ne5 Bxe5 $2 {Hard to believe but it's the losing move.} ({Correct is} 
39... Qe8 {asking White to repeat the position:} 40. Ned3 Nxd6 $1 {etc.}) 40.
Rxe5 Re8 {The players finally made the time control and got an extra half an
hour to work with. White has a number of ways to force a draw by a perpetual
check but can he try for more?} 41. Rg5+ $2 {Aman thought for more than 20
minutes but just couldn't find the winning continuation.} ({The only way is} 
41. Qg4+ $1 {distracting the black queen.} {After} Qxg4 (41... Kf8 {runs into}
42. Qh4 $3 Kg7 43. Rh5 {with a crushing attack.}) 42. Rxe8+ Kh7 43. hxg4 Nxc5
44. Re7 {the computer evaluates the endgame as completely winning for White.})
41... Nxg5 {Dale immediately grabbed the rook and played the following moves
quickly.} 42. Qxg5+ Kf8 43. Qh6+ Kg8 44. Nh5 Re2+ 45. Kg1 Re1+ 46. Kf2 Qf5+ $1
{The rook sacrifice secures a draw by a perpetual check.} 47. Kxe1 Qe4+ 48. Kf2
Qf5+ 49. Ke2 Qe5+ 50. Kd2 Qd5+ 51. Ke1 Qe5+ 52. Kf1 Qf5+ 53. Ke2 Qe5+ {At this
point everybody in the audience was sure that the piece treaty would be signed
soon.} 54. Kd3 Qd5+ 55. Ke2 Qe5+ {The position has repeated for the third time
but neither player claimed a draw.} 56. Kd1 Qd5+ 57. Kc1 $6 {Objectively, the
position is still drawn but White is playing with fire.} Qxc5+ 58. Kb1 Qb4+ 59.
Kc2 Qc4+ 60. Kd1 Qd5+ (60... Qd4+ 61. Ke2 f6 {is a winning try for Black that
White may have been hoping for. The game is still drawn in this case.}) 61. Ke1
$2 {In an attempt to win White loses objectivity and crosses the line.} {Dale
spent a lot of time here but found the right continuation.} Qe6+ $1 62. Qxe6
fxe6 63. d7 Ra8 {The only but sufficient move.} 64. Nf6+ Kf7 65. Ne4 Ke7 {Now
Black is winning.} 66. Nc5 a5 ({Somewhat surprisingly, the pawn endgame after} 
66... Kd6 67. d8=Q+ Rxd8 68. Nb7+ Ke7 69. Nxd8 Kxd8 {is also lost for White.
For example,} 70. h4 Ke7 71. Kd2 a5 72. g4 b4 73. g5 e5 74. h5 a4 75. h6 Kf7
76. Kd3 b3 77. axb3 a3 78. Kc2 e4) 67. h4 b4 68. Kd2 Rg8 69. Kc2 (69. Ne4 {
doesn't help because of} Rg4) 69... Rxg3 70. Nxe6 Kxd7 71. Nd4 Kc7 72. a3 Kb6
73. axb4 axb4 74. h5 Ka5 75. Ne6 Ka4 76. Kb2 Rg2+ 77. Kb1 Rh2 78. Nd4 b3 79.
Nf3 Rxh5 80. Nd4 Ka3 {A tremendous battle!} 0-1